| 000 | 00684nam a2200181Ia 4500 | ||
|---|---|---|---|
| 999 |
_c2708 _d2708 |
||
| 003 | DO-SdBJH | ||
| 005 | 20180416224940.0 | ||
| 008 | 180414s9999 dr 000 0 spa d | ||
| 040 |
_aDO-SdBJH _bspa _cDO-SdBJH |
||
| 090 | _aDM FM 71-3 1988 | ||
| 110 | _aInstituto de Cooperación para la Seguridad Hemisférica | ||
| 245 | 1 | 0 | _aFM 71-3 Brigada blindada y de infantería mecanizada / Instituto de Cooperación para la Seguridad Hemisférica |
| 260 | _aFuerte Benning, Georgia : Cuartel General Secretaría del Ejército, 1988 | ||
| 300 | _aii, 126 páginas en varias paginaciones | ||
| 504 | _aIncluye apéndice | ||
| 650 | 4 | _aInfantería blindada -- Mecanizada | |
| 942 |
_2ddc _cBK |
||